000 00913cab a2200217 4500
001 X90939
008 090401t1998 xxu||||| |||| 00| 0 eng d
035 _a(Sirsi) u85405
041 _aeng
245 _aDrexfine Holdings Ltd v Cherwell DC
260 _c1998
350 _a0
490 _aJournal of Planning and Environment Law
_v[1998] JPL 361-377
520 _aQBD 29 August 1997. Local plan-green belt-inquiry held-PPG2 1995 published-inspector`s report-criteria for appropriate developmnet-modifications to local plan-objections received-further modifications-refusal to hold further inquiry-whether reasons adequate-allegation of substantial prejudice and unfairness upheld. (Taken from headnote).
650 _aGREEN BELT
650 _aLOCAL PLAN
650 _aPLANNING POLICY GUIDANCE NOTE 2 (GREEN BELTS)
690 _aPLANNING LAW AND PRACTICE-CASE LAW
942 _n0
948 _c02/04/1998
999 _c53706
_d53706